Zájem o investiční banku.
Jedným z účastníkov podnikateľského fóra v USA a jediným predstaviteľom čs. bankovníctva bola Investičná banka. Rozhovor s námestníkom generálneho riaditeľa Jiřím Fárkom. Význam a prínos tejto akcie. Názor na prezentáciu čs. firiem. Oblasti záujmu pri jednaniach s americkými partnermi. Odraz čs. vnú...
Salvato in:
| Autore principale: | |
|---|---|
| Altri autori: | , |
| Natura: | Capitolo di libro |
| Lingua: | ceco |
| Soggetti: | |
| Tags: |
Nessun Tag, puoi essere il primo ad aggiungerne!!
|
MARC
| LEADER | 00000naa a2200000 4500 | ||
|---|---|---|---|
| 001 | r010329 | ||
| 005 | 20220831084236.6 | ||
| 041 | 0 | |a cze | |
| 044 | |a [CS] | ||
| 245 | 1 | 0 | |a Zájem o investiční banku. |c Jiří Fárek, Libuše Bautzová, J. Urban |
| 520 | |a Jedným z účastníkov podnikateľského fóra v USA a jediným predstaviteľom čs. bankovníctva bola Investičná banka. Rozhovor s námestníkom generálneho riaditeľa Jiřím Fárkom. Význam a prínos tejto akcie. Názor na prezentáciu čs. firiem. Oblasti záujmu pri jednaniach s americkými partnermi. Odraz čs. vnútorných podmienok na prístup potenciálnych amerických investorov. | ||
| 610 | 2 | 0 | |a Investiční banka, a.s. Praha |
| 610 | 2 | 0 | |a ČSFR |
| 610 | 2 | 0 | |a bankovníctvo |
| 610 | 2 | 0 | |a USA |
| 610 | 2 | 0 | |a firmy |
| 610 | 2 | 0 | |a podnikatelia |
| 610 | 2 | 0 | |a akcie odborné medzinárodné |
| 610 | 2 | 0 | |a podnikanie súkromné |
| 610 | 2 | 0 | |a politika finančná |
| 100 | 1 | |a Fárek, Jiří | |
| 700 | 1 | |a Urban, J. | |
| 700 | 1 | |a Bautzová, Libuše | |